000 00327nam a2200133Ia 4500
008 240624s9999 xx 000 0 und d
041 _aeng
082 _a332.1 KOH
100 _aKOHLI R C
245 _aPRACTICAL APPROACH TO RECOVERY MANAGEMEN
250 _a(2nd ed.)
260 _c2010
_aNew Delhi
_bTaxmann
365 _cRS
_b29
999 _c17544
_d17544